| 000 | 01039nam a22002537a 4500 | ||
|---|---|---|---|
| 003 | PE SENCICO BE | ||
| 005 | 20251020182638.0 | ||
| 008 | 230622b |||||||| |||| 00| 0 eng d | ||
| 040 |
_aPE SENCICO BE _cPE SENCICO BE |
||
| 041 | _aspa | ||
| 084 |
_aI _aTOP _a2017 _bC94 |
||
| 100 | 1 |
_91180 _aCumpa Llamoja, Elmer David _eautor |
|
| 245 | 1 |
_aEtapas de un levantamiento topográfico en aeropuertos / _cElmer David Cumpa Llamoja |
|
| 260 |
_aLima : _c2017 |
||
| 300 |
_a[33] h. _btabls., _c29 cm. |
||
| 502 | _aMonografía de Titulación.-- Servicio Nacional de Capacitación para la Industria de la Construcción. Escuela Superior Técnica. Carrera Profesional Técnica en Topografía y Geodesía, 2017. | ||
| 650 | 1 | 4 |
_94 _aTopografía |
| 650 | 2 | 4 |
_91177 _aAeropuertos |
| 650 | 2 | 4 |
_9116 _aLevantamiento topográfico |
| 650 | 2 | 4 |
_91178 _aPlanificación de aeropuertos |
| 710 | 1 |
_aServicio Nacional de Capacitación para la Industria de la Construcción. _bEscuela Superior Técnica _91065 |
|
| 910 |
_bhfp _chfp |
||
| 942 |
_cMON _2ddc |
||
| 999 |
_c4212 _d4212 |
||